Giáo trình giản yếu giải tích toán học

TO Toán cao cấp A3; TO031 Toán cao cấp A1

Kaydedildi:
Detaylı Bibliyografya
Yazar: Ngô, Thành Phong
Materyal Türü: Kitap
Dil:Undetermined
Baskı/Yayın Bilgisi: TP.HCM. Đại học Khoa học tự nhiên TP.HCM 2004
Konular:
Online Erişim:http://lrc.tdmu.edu.vn/opac/search/detail.asp?aID=2&ID=3441
Etiketler: Etiketle
Etiket eklenmemiş, İlk siz ekleyin!
Thư viện lưu trữ: Trung tâm Học liệu Trường Đại học Thủ Dầu Một
LEADER 00763nam a2200205Ia 4500
001 TDMU_3441
008 210410s9999 xx 000 0 und d
082 |a 515 
090 |b NG450 
100 |a Ngô, Thành Phong 
245 0 |a Giáo trình giản yếu giải tích toán học 
245 0 |c Ngô Thành Phong 
260 |a TP.HCM. 
260 |b Đại học Khoa học tự nhiên TP.HCM 
260 |c 2004 
300 |a 453tr. 
520 |a TO Toán cao cấp A3; TO031 Toán cao cấp A1 
650 |a Giải tích hàm một biến và nhiều biến; Phương trình vi phân 
856 |u http://lrc.tdmu.edu.vn/opac/search/detail.asp?aID=2&ID=3441 
980 |a Trung tâm Học liệu Trường Đại học Thủ Dầu Một